| 000 | 00844nas a2200265 4500 | ||
|---|---|---|---|
| 001 | BR9209006 | ||
| 003 | BR-BrBNA | ||
| 005 | 20231205093210.0 | ||
| 007 | ta | ||
| 008 | 230509b bl.|||p| |||| 00| 00por d | ||
| 040 |
_aBR-BrBNA _bpor _cBiblioteca Nacional de Agricultura |
||
| 041 | _a(Pt) | ||
| 072 | _aK10; U10 | ||
| 100 | 1 | _aBatista, J.L.F. | |
| 100 | 1 | _aCouto, H.T.Z. do | |
| 245 | 1 | _aEscolha de modelos matematicos para a construcao de curvas de indice de sitio para florestas implantadas de Eucalyptus sp no estado de Sao Paulo | |
| 650 | _aEUCALIPTO | ||
| 650 | _aINVENTARIO FLORESTAL | ||
| 650 | _aMODELO MATEMATICO | ||
| 650 | _aFLORESTA | ||
| 650 | _aSAO PAULO | ||
| 773 | 0 |
_tIPEF (Brazil) _xISSN 0100-4557 _g(Apr 1986), (no. 32) p. 33-42 _wBR9209006 |
|
| 909 |
_a202311 _bLúcia _c55 _dLúcia Elande |
||
| 942 |
_2AGRIS _n0 _cANA |
||
| 999 |
_c136800 _d136800 |
||